Kỹ thuật trồng cây ăn trái : Cây chuối

Nội dung sách bàn về kỹ thuật canh tác một loại cây ăn trái đang được trồng nhiều ở nước ta. Các kỹ thuật bảo vệ thực vật. Đây là tài liệu bổ ích cho cán bộ kỹ thuật trong lĩnh vực trồng trọt....

Fuld beskrivelse

Đã lưu trong:
Bibliografiske detaljer
Hovedforfatter: Nguyễn, Danh Vàn
Format: Bog
Sprog:Undetermined
Udgivet: Thành Phố Hồ Chí Minh Tổng hợp Thành Phố Hồ Chí Minh 2008
Fag:
Tags: Tilføj Tag
Ingen Tags, Vær først til at tagge denne postø!
Thư viện lưu trữ: Trung tâm Học liệu Trường Đại học Cần Thơ
LEADER 00938nam a2200205Ia 4500
001 CTU_132479
008 210402s9999 xx 000 0 und d
020 |c 26500 
082 |a 634.772 
082 |b V105/Q.3 
100 |a Nguyễn, Danh Vàn 
245 0 |a Kỹ thuật trồng cây ăn trái : 
245 0 |b Cây chuối 
260 |a Thành Phố Hồ Chí Minh 
260 |b Tổng hợp Thành Phố Hồ Chí Minh 
260 |c 2008 
520 |a Nội dung sách bàn về kỹ thuật canh tác một loại cây ăn trái đang được trồng nhiều ở nước ta. Các kỹ thuật bảo vệ thực vật. Đây là tài liệu bổ ích cho cán bộ kỹ thuật trong lĩnh vực trồng trọt. 
650 |a Bananas,Tropical fruit,Cây chuối 
904 |i Tuyến 
980 |a Trung tâm Học liệu Trường Đại học Cần Thơ